000 01793nam a2200361 4500
003 EC-UNACH
005 20250515164836.0
006 s||||gr|||| 00| 00
008 150116t9999 mx r gr 000 0 spa d
020 _a978997867679
040 _aEC-UNACH
_cEC-UNACH
041 _aspa
082 0 4 _223
_a300
_bL017786
110 _aCentro Andino de Acción Popular (CAAP)
245 _aCaminando con el Tiempo
250 _aPrimera edición
264 _aQuito – Ecuador
_bCAAP
_c2024
300 _a142 páginas
_bIlustraciones
_c19 X 25 cm
505 _aPrefacio -- Caminando con Paco Rhon por la memoria vivida -- Secretos y silencios -- La tradición endogámica hacendaria -- Tanteando una vocación Cambios en la cotidianidad -- La antropología social -- Ver, juzgar y actuar -- Los años setenta, un abanico de posibilidades -- La naciente clase media -- La experiencia llamada CAAP -- El boom del debate intelectual -- Fuera de libreto -- Desarrollo del pensamiento andino -- Ecuador Debate -- El descubrimiento de las comunidades andinas -- Trabajo de campo -- Ramas de gallos -- Un proyecto político no partidario -- De comunas a cooperativas -- Ecos del páramo -- El mundo indígena: de fuerza social a fuerza política -- La alternativa indígena se diluye -- Acrónimos y siglas – Notas.
650 _aSECRETOS Y SILENCIOS
650 _aPROYECTO POLÍTICO NO PARTIDARIO
650 _aALTERNATIVA INDÍGENA
650 _aACRÓNIMOS Y SIGLAS
650 _aCLASE MEDIA
650 _aTRADICIÓN ENDOGÁMICA
700 _aRhon Dávila, Francisco
942 _2ddc
_c1
999 _c13585